000 00856nam a2200229Ia 4500
999 _c54076
_d54076
003 GCL
005 20240530105224.0
008 140319s1982 le 000 0 ara d
040 _aGCL /
_cGCL
082 0 4 _a953/
_bب ع
100 1 _aبيرك، جاك
245 1 0 _aالعرب من الامس الى الغد /
_cجاك بيرك ؛نقلة عن الفرنسية على سعد
260 _aبيروت :
_bدار الكتاب اللبنانى ،
_c1982.
300 _a436 ص. ؛
_c24 سم.
650 0 7 _2qrmak
_aالحضارة العربية الاسلامية
_xالمعارف البحرية
650 0 7 _2qrmak
_aالتاريخ الاسلامى
650 0 7 _2qrmak
_aالعرب
650 0 7 _2qrmak
_aالعلوم عند العرب
650 0 7 _2qrmak
_aالحضارة الاسلامية
700 0 _aعلى سعد
_eمترجم
942 _2ddc
_cBK